| 000 | 01533nam a2200289 i 4500 | ||
|---|---|---|---|
| 001 | 160124 | ||
| 003 | ES-MaACL | ||
| 005 | 20251005063125.0 | ||
| 008 | 931025s1793 sp a |||| | spa d | ||
| 040 |
_aCYL _bspa _cPAB |
||
| 100 | 1 |
_aMorales, Ambrosio de, _d1513-1591 _982970 |
|
| 245 | 1 | 0 |
_aOpúsculos castellanos de Ambrosio de Morales ...: _ba los que se han añadido otros varios ... : tomo primero [- tomus III]. |
| 250 | _aAhora por la primera vez impresos, ordenados, y anotados .../ por el P. Fr. Francisco Valerio Cifuentes... | ||
| 260 |
_aMadrid : _ben la oficina de D. Benito Cano, _c1793. |
||
| 300 |
_a3 t. (XII, 476 p. ; 398 p., [2] en bl., [1] h. de lám. pleg.; 280 p. ; _c22 cm. |
||
| 505 | 8 | _at. 2: Noticias historicas sacadas del Archivo de Uclès ... y del testamento del infante Don Enrique con un cronicon hasta ahora no publicado -- t. 3: Ambrosii Morales Opuscula historica ... | |
| 530 | _aDisponible en formato digital. | ||
| 546 | _aTomo 3 en latín. | ||
| 594 | _aEl tomo III compuesto por opúsculos latinos. | ||
| 597 | _aSign. : *4, 2*², A-3N4, 3O² ; A-3D4 ; Az 4, 2A-2M4. | ||
| 597 | _aCada tomo contiene varios opúsculos, todos con portadilla propia. | ||
| 599 | _aPortadas con orla calcográfica: "Xo ft" | ||
| 700 | 0 |
_aCifuentes, Francisco Valerio. _938804 |
|
| 852 |
_aES-MaACL _jR-311-13 _z-- Enc. pasta española _x Olim: B-219-221 |
||
| 856 |
_uhttp://bdh-rd.bne.es/viewer.vm?id=0000008338&page=1 _zBiblioteca Digital Hispánica |
||
| 999 |
_c160124 _d160124 |
||